| 000 | 00843ntm a22002177a 4500 | ||
|---|---|---|---|
| 005 | 20170810123328.0 | ||
| 008 | 170802s2010 xx a frb 000 0 eng d | ||
| 040 |
_aEG-ScBUE _beng _cEG-ScBUE |
||
| 082 | 0 | 4 |
_222 _a650 _bHAM |
| 100 | 1 | _aHamada, May Nagy. | |
| 245 | 1 | 0 |
_aExploring how does business ethics & CSR activities affect financial performance : _bAn in-depth comparative study of the literature / _cby May Nagy Hamada; Mohamed Eid. |
| 260 | _c2010. | ||
| 300 |
_a58 p. ; _c28 cm. |
||
| 500 | _aA dissertation proposal submitted in part fulfillment of the requirements for the award of B.A. in Business Administration marketing specialisation. | ||
| 590 | _abasant mousa | ||
| 650 | 7 |
_2BUEsh _vProjects _aBusiness Administration. |
|
| 653 |
_bBUSADM _cAugust2017 |
||
| 655 | _vSPRO | ||
| 700 |
_aEid, Mohamed, _eths. |
||
| 942 | _2ddc | ||
| 999 |
_c25377 _d25349 |
||